000 01008nam a2200229Ia 4500
003 Ost
005 20260507075107.0
008 260507s9999||||xx |||||||||||||| ||und||
040 _cfsecg
041 _aara
082 _a330
100 _aبوتين، محمد
_eمؤلف
245 0 _aالمحاسبة العامة للمؤسسة :
_bدراسة موضحة بأمثلة ومرفقة بتمارين ومسائل محلولة طبقا للمخطط المحاسبي الوطني /
_c محمد بوتين
250 _aطبعة 2
260 _aالجزائر:
_bديوان المطبوعات الجامعية,
_c2009
300 _a421 صفحة؛
_bإيضاحات ؛
_c23 سم
520 _aالقواعد الأساسية للمحاسبة- تسجيل ومعاملة البيانات المحاسبية- دراسة الحسابات أعمال آخر الدورة.
653 _aالمحاسبة
653 _aالمحاسبة العامة
653 _aالمخطط المحاسبي
942 _cكتاب
999 _c42828
_d42828